All Geocache Types - Statistics

General Stats
  • This quiz has been taken 41 times
  • The average score is 14 of 20
Answer Stats
Answer % Correct
Multi-Cache
100%
Virtual Cache
100%
Event Cache
94%
Mystery Cache
94%
Traditional Cache
94%
EarthCache
76%
Mega-Event Cache
76%
Webcam Cache
76%
Wherigo Cache
76%
Giga-Event Cache
71%
Letterbox Hybryd
71%
Geocaching HQ Cache
65%
Cache In Trash Out Event Cache
59%
Project A.P.E. Cache
59%
Lab Cache
53%
Geocaching HQ Block Party
47%
Locationless Cache
47%
Community Celebration Event Cache
41%
GPS Adventures Maze Exhibit
35%
Geocaching HQ Celebration
24%
No matching quizzes found
Score Distribution
Percent of People with Each Score
Percentile by Number Answered
Your Score History
You have not taken this quiz